Irish sagas and folk-tales / (Record no. 10009)
[ view plain ]
| 000 -LEADER | |
|---|---|
| fixed length control field | 00821cam a22002771 4500 |
| 001 - CONTROL NUMBER | |
| JCCL Control Number | 10009 |
| 003 - CONTROL NUMBER IDENTIFIER | |
| JCCL marc code | BD-JhCC |
| 005 - DATE AND TIME OF LATEST TRANSACTION | |
| control field | 20180404173342.0 |
| 008 - FIXED-LENGTH DATA ELEMENTS--GENERAL INFORMATION | |
| fixed length control field | 180404s1954 enka j 000 1 eng |
| 035 ## - SYSTEM CONTROL NUMBER | |
| system control number | (BD-JhCC)10009 |
| 035 ## - SYSTEM CONTROL NUMBER | |
| system control number | (OCoLC)1039811 |
| -- | BD-JhCC |
| 040 ## - CATALOGING SOURCE | |
| Original cataloging agency | DLC |
| Transcribing agency | PSrS |
| Modifying agency | OCoLC |
| -- | Uk |
| -- | DLC |
| -- | BD-JhCC |
| 041 ## - LANGUAGE CODE | |
| Language code of Book | eng |
| 050 00 - LIBRARY OF CONGRESS CALL NUMBER | |
| Classification number | PZ8.1.O33 |
| Item number | Ir |
| 082 ## - DEWEY DECIMAL CLASSIFICATION NUMBER | |
| Author mark and Year | OFA 1954 |
| Classification number | 398.209415 |
| 100 1# - MAIN ENTRY--PERSONAL NAME | |
| Personal name | O'Faoláin, Eileen. |
| 245 10 - TITLE STATEMENT | |
| Title | Irish sagas and folk-tales / |
| Statement of responsibility, etc | retold by Eileen O'Faolain. Illustrated by Joan Kiddell-Monroe. |
| 260 ## - PUBLICATION, DISTRIBUTION, ETC. (IMPRINT) | |
| Place of publication, distribution, etc | London : |
| Name of publisher, distributor, etc | Oxford University Press, |
| Date of publication, distribution, etc | 1954. |
| 300 ## - PHYSICAL DESCRIPTION | |
| Pagination | 245 p. |
| Other physical details | illus. |
| Dimensions | 22 cm. |
| 440 #0 - | |
| Title | Oxford myths and legends |
| 490 0# - SERIES STATEMENT | |
| Series statement | [Oxford books for boys and girls] |
| 650 #0 - SUBJECT ADDED ENTRY--TOPICAL TERM | |
| Topical term or geographic name as entry element | Tales |
| Geographic subdivision | Ireland. |
| 650 #0 - SUBJECT ADDED ENTRY--TOPICAL TERM | |
| Topical term or geographic name as entry element | Sagas. |
| 942 ## - ADDED ENTRY ELEMENTS (KOHA) | |
| Source of classification or shelving scheme | Dewey Decimal Classification |
| Koha item type | Reference |
| Source of classification or shelving scheme | Damaged status | Not for loan | Home library | Current library | Shelving location | Date of accession | Total Checkouts | Full call number | Barcode | Date last seen | Copy number | Koha item type |
|---|---|---|---|---|---|---|---|---|---|---|---|---|
| Dewey Decimal Classification | JCC Rouf Library | JCC Rouf Library | General Stacks | 04/04/2018 | 398.209415 OFA 1954 | 13057 | 04/04/2018 | C-1 | Reference |